[Event "23rd ETCC Open 2021"]
[Site "Catez"]
[Date "2021.11.15"]
[Round "4.52"]
[White "Seo, Jung Min"]
[Black "Rasmussen, Allan Stig"]
[Result "0-1"]
[WhiteElo "2455"]
[BlackElo "2577"]
[Annotator "TA"]
[PlyCount "214"]
[EventDate "2021.11.08"]
[EventType "team-tourn"]
[EventCountry "SLO"]
[SourceTitle "playchess.com"]
[Source "ChessBase"]
[SourceQuality "1"]
[WhiteTeam "Sweden"]
[BlackTeam "Denmark"]
[WhiteTeamCountry "SWE"]
[BlackTeamCountry "DEN"]

{[%evp 13,214,35,35,-33,-29,-18,-33,-16,-29,0,0,0,0,-75,-71,-106,-109,-93,-90,
-96,-103,-107,-102,-102,-96,-113,-106,-156,-151,-208,-149,-156,-125,-157,-142,
-152,-124,-217,-216,-264,-265,-264,-214,-301,-304,-287,-287,-286,-282,-373,
-373,-361,0,-308,0,-354,-318,-326,-259,-316,-310,-340,-341,-317,-316,-292,-265,
-306,-283,-283,-284,-284,-284,-284,-278,-390,-372,-760,-700,-959,-781,-963,
-966,-889,-819,-811,-245,-4133,-4202,-3190,-4770,-4714,-4698,-3649,-3542,-1970,
-1743,-1906,-1906,-5982,-6199,-770,-664,-29956,-29957,-6682,-6128,-29971,-675,
-1900,-2042,-1497,-1323,-29949,-29954,-29960,-29962,-29960,-29961,-29953,
-29959,-29961,-29963,-29961,-29961,-29955,-1265,-989,-674,-666,-637,-637,-535,
-29977,-29978,-29978,-29964,-29964,-29963,-29964,-29963,-29968,-29966,-29965,
-29963,-29968,-29957,-29961,-29959,-29955,-29948,-29962,-29962,-29961,-29962,
-29966,-29968,-29961,-29952,-12397,-168,-168,-168,-168,-168,-168,-168,-168,
-168,-168,-168,-168,-168,-168,-168,-168,-87,-168,-87,-168,-87,-87,-87,-87,-89,
-140,-8,-155,-12,-29977,-29978,-29977,-29979,-29978,-29980,-29980,-29981,
-29981,-29982,-29982,-29983,-29983,-29984]} 1. d4 Nf6 2. c4 e6 3. Nf3 c5 4. d5
b5 5. Bg5 exd5 6. cxd5 h6 {Nowadays more popular than 6...d6.} 7. Bxf6 Qxf6 8.
e4 {E10: Blumenfeld Gambit.} (8. Qc2 $14) 8... Qxb2 $15 9. Nbd2 c4 10. Rb1 {
Black is slightly better.} Qxa2 11. Rxb5 c3 12. Nc4 a5 13. d6 (13. Bd3 $11 c2
14. Qxc2 Qxc2 15. Bxc2) 13... Nc6 $36 {[%mdl 2048] Black has strong initiative.
} 14. Bd3 Ba6 15. Rc5 {[#]} Bxc4 $146 ({Predecessor:} 15... c2 16. Qxc2 Bxc4
17. Rxc4 Qxc2 18. Bxc2 Bxd6 19. Ke2 Ke7 20. Rd1 Rhc8 21. Ba4 Rab8 22. Nd4 Nxd4+
23. Rcxd4 Rb6 24. Rd5 Rc4 25. Rxa5 Rxe4+ 26. Kf1 Reb4 {1/2-1/2 (26) Gelfand,B 
(2741)-Vallejo Pons,F (2703) Leon 2010}) 16. Bxc4 {[#]} c2 $1 17. Bxa2 cxd1=Q+
18. Kxd1 {With the idea e5.} Bxd6 19. Rd5 Ke7 20. e5 Bc7 21. Bc4 (21. Re1 $17)
21... Rhd8 22. Ke2 Rab8 23. Rhd1 Rb2+ 24. Kf1 Bb6 25. Nd2 (25. Rb5 $17 {
was necessary.} Rxf2+ 26. Ke1) 25... a4 $1 $19 26. Bb5 Nb4 27. Rd6 Bc5 {
And now ...a3 would win.} 28. Ne4 (28. Bxa4 $142 Bxd6 29. exd6+ Kf8 30. Nc4)
28... Bxd6 29. exd6+ Kf8 30. Bxa4 Na6 31. Rd5 Rb4 32. Bc2 Rb2 33. Ba4 Rb4 34.
Bc2 Rc4 35. Bd3 Rc1+ 36. Ke2 Nb4 37. Rb5 Nxd3 38. Kxd3 {[%mdl 4096] Endgame
KRR-KRN} Rg1 39. g3 g6 40. Re5 Re8 41. Nf6 Rd1+ 42. Kc2 Rxe5 43. Nxd7+ Kg7 44.
Nxe5 (44. Kxd1 $142 Rd5+ 45. Ke2) 44... Rxd6 {KR-KN} 45. h4 $2 (45. h3) 45...
Re6 46. Nd3 Kf6 47. Kd2 Kf5 48. f3 h5 49. Nf4 Re7 $2 (49... Ra6 50. Ke3 Ra3+
51. Kf2 Ra4) 50. Ng2 $2 (50. Ne2) 50... Ra7 {( -> ...Ra2+)} 51. Ne3+ Ke5 52.
Kd3 Ra3+ 53. Ke2 Ra2+ 54. Kd3 Rf2 55. Nc4+ Kd5 56. Ne3+ Ke6 57. Ke4 Ra2 58. Kf4
Ra4+ 59. Kg5 Ra5+ 60. Kf4 f6 (60... g5+ $142 61. Ke4 Ra4+ 62. Kd3 gxh4 63. gxh4
Rxh4 64. Ke2 Rh2+ 65. Kd3 h4 66. f4 Rf2 67. Ke4 h3 68. f5+ Kd6 69. Nd1 Rf1 70.
Nc3 h2 71. Kd4 h1=Q 72. Nb5+ Kd7 73. Nc3 Rf4+ 74. Kd3 Qf3+ 75. Kd2 Rd4+ 76. Kc2
Rc4 77. Kc1 Qxc3+ 78. Kd1 Re4 79. f6 Re1#) 61. g4 Ra4+ 62. Kg3 Ra3 63. Ng2 hxg4
64. Kxg4 Ke5 65. Kg3 Ra4 66. Ne1 Rd4 67. Nc2 Rd3 68. Ne1 Rc3 69. Ng2 f5 (69...
Rc1 $142 70. Kf2 Rh1 71. Ne1 Rxh4 72. Nd3+ Kf5 73. Kg3 g5 74. Ne1 Rh1 75. Nc2
Rg1+ 76. Kf2 Rc1 77. Nb4 Rc4 78. Nd3 Rc3 79. Nb4 Rc4 80. Nd3 g4 81. fxg4+ Kxg4
82. Ne1 Rc3 83. Ke2 Kf4 84. Kd2 Rg3 85. Kc2 Ke4 86. Kd2 Rg1 87. Nc2 Rg2+ 88.
Kd1 Rxc2 $1 {[%mdl 512]} 89. Kxc2 f5 90. Kd2 Kf3 91. Kd3 f4 92. Kd4 Kg3 93. Ke4
f3 94. Kd4 f2 95. Kd5 f1=Q 96. Kc5 Kf4 97. Kb4 Ke4 98. Kc5 Ke5 99. Kc6 Qc4+
100. Kb6 Kd6 101. Kb7 Qb3+ 102. Kc8 Qb1 103. Kd8 Qb8#) 70. Nf4 Rc6 71. Nd3+ Kd4
72. Nf4 Rd6 73. h5 gxh5 74. Nxh5 Ke5 75. Nf4 Rd4 76. Ng6+ Kf6 77. Nf4 Rd8 78.
Kf2 Rd6 79. Ke3 Ra6 80. Kf2 Kg5 81. Kg3 Rd6 82. Nh3+ Kf6 83. Kf4 Ra6 84. Kg3
Ke5 85. Nf4 Rd6 86. Ne2 Rd1 $2 (86... Rd8 87. Kf2 f4) 87. f4+ Ke6 88. Kf2 Rd3
89. Ng3 Ra3 90. Kg2 Ra2+ 91. Kf3 Ra5 92. Kf2 Rd5 93. Kf3 Kd6 94. Kg2 Kc5 (94...
Ra5 $19 95. Kf3 Ke6) 95. Kf2 (95. Kh3 $17 {is a better defense.}) 95... Kd4 ({
Black should play} 95... Kc6 $19 {Hoping for ...Ra5.} 96. Nf1 Rd4) 96. Ke2 (96.
Kf3 $17 {was worth a try.}) 96... Ra5 ({Black should try} 96... Kc4 $1 $19 {
...Kc5 is the strong threat.} 97. Nf1 Kd4) 97. Kf2 Kd3 {Threatens to win with .
..Rd5.} (97... Ra2+ $2 98. Kg1 $19) 98. Kf3 Kd2 {Strongly threatening ...Rb5.}
99. Kf2 Kd1 (99... Ra4 $2 100. Kf3) (99... Rd5 $17 {White must now prevent ...
Kd3.} 100. Nf1+ Kc3) 100. Ke3 (100. Kf3 $1 $11 Rd5 101. Ke3) 100... Ke1 (100...
Ra3+ $2 101. Kf2) (100... Rb5 $17 {aiming for ...Ke1.} 101. Kf3 Kd2 102. Ne4+
Kd3) 101. Nxf5 $2 {[%mdl 8192] White does not recover from this.} Rxf5 $11 {
KR-KP. Black mates.} 102. Ke4 Rf8 $1 103. f5 Ke2 $1 104. Kf4 {[#]} Kf2 $1 105.
Ke5 Kg3 106. f6 Kg4 107. Ke6 {[#]} Kg5 $1 {Weighted Error Value: White=0.81/
Black=0.39} 0-1

[Event "23rd ETCC Open 2021"]
[Site "Catez"]
[Date "2021.11.15"]
[Round "4.53"]
[White "Djukic, Nikola"]
[Black "Mastrovasilis, Dimitrios"]
[Result "1/2-1/2"]
[WhiteElo "2519"]
[BlackElo "2619"]
[Annotator "TA"]
[PlyCount "62"]
[EventDate "2021.11.08"]
[EventType "team-tourn"]
[EventCountry "SLO"]
[SourceTitle "playchess.com"]
[Source "ChessBase"]
[SourceQuality "1"]
[WhiteTeam "Montenegro"]
[BlackTeam "Greece"]
[WhiteTeamCountry "MNE"]
[BlackTeamCountry "GRE"]

{[%evp 15,62,27,25,15,16,15,24,8,25,25,24,22,31,18,10,20,18,16,19,20,26,25,16,
7,21,13,13,16,21,6,22,4,4,0,0,0,0,0,18,0,0,0,0,-7,-1,-7,-7,-8,-8]} 1. e4 e5 2.
Nf3 Nc6 3. Bb5 Nf6 4. O-O Nxe4 5. Re1 Nd6 6. Nxe5 Be7 7. Bf1 Nxe5 8. Rxe5 O-O
9. Nc3 {C67: Ruy Lopez: Berlin Defence: 4 0-0 Nxe4.} Bf6 10. Re1 Re8 11. Nd5 {
White has an edge.} Rxe1 12. Qxe1 b6 13. Nxf6+ Qxf6 14. d3 Bb7 15. Qd2 Re8 16.
Qf4 Qf5 17. Bd2 h6 18. Qxf5 Nxf5 {[#]} 19. c3 $146 {The position is equal.} ({
Predecessor:} 19. b4 Re6 20. f3 Ne3 21. Bxe3 Rxe3 22. Kf2 Re6 23. d4 Kf8 24. c4
Ke8 25. Rb1 {1-0 (107) Naiditsch,A (2731)-Georgiev,K (2628) Zuerich 2014})
19... Re6 20. Re1 g5 21. f3 c5 22. Kf2 Kg7 23. d4 cxd4 24. cxd4 Rxe1 25. Bxe1
$11 {[%mdl 4096] Endgame KBB-KBN} Bd5 26. b3 Kf6 (26... f6 {feels hotter.} 27.
Bc3 Ne7 28. g4 h5 29. Bd3 hxg4 30. fxg4 a5) 27. Bd3 (27. g4 {is more complex.}
Ne7 28. Bd2 Kg7 29. Bb5 Be6 30. f4) 27... Ke6 28. Bxf5+ Kxf5 29. g4+ Kg6 30.
Ke3 f5 31. gxf5+ Kxf5 {A rather calm draw.  Weighted Error Value: White=0.06/
Black=0.03} 1/2-1/2

[Event "23rd ETCC Open 2021"]
[Site "Catez"]
[Date "2021.11.15"]
[Round "4.54"]
[White "Pavlidis, Antonios"]
[Black "Draskovic, Luka"]
[Result "1/2-1/2"]
[WhiteElo "2536"]
[BlackElo "2469"]
[Annotator "ChessBase"]
[PlyCount "87"]
[EventDate "2021.11.08"]
[EventType "team-tourn"]
[EventCountry "SLO"]
[SourceTitle "playchess.com"]
[Source "ChessBase"]
[SourceQuality "1"]
[WhiteTeam "Greece"]
[BlackTeam "Montenegro"]
[WhiteTeamCountry "GRE"]
[BlackTeamCountry "MNE"]
[TimeControl "40/5400+30:1800+30"]

1. e4 d6 2. d4 Nf6 3. Nc3 e5 4. Nf3 Nbd7 5. g4 h6 6. Rg1 c6 7. a4 Be7 8. Be3
Qa5 9. Qd2 exd4 10. Nxd4 Ne5 11. f4 Nexg4 12. O-O-O Nxe3 13. Qxe3 g5 14. Nf3
gxf4 15. Qxf4 Be6 16. Nd4 Qe5 17. Qxe5 dxe5 18. Nxe6 fxe6 19. Bc4 Kf7 20. Rgf1
Rad8 21. Rf3 Rxd1+ 22. Kxd1 Rg8 23. Ne2 Rg2 24. h3 Bc5 25. c3 a5 26. b3 Ke7 27.
Bd3 h5 28. Rg3 Rxg3 29. Nxg3 h4 30. Nf1 Nh7 31. Nd2 Kf6 32. Bf1 Kg5 33. Nc4 b6
34. Nxe5 Nf6 35. Nf3+ Kf4 36. Nxh4 Nxe4 37. Kc2 Kg5 38. Nf3+ Kf4 39. Nd2 Nxd2
40. Kxd2 Bf2 41. Bg2 c5 42. Bc6 e5 43. Kd3 Be1 44. c4 1/2-1/2

[Event "23rd ETCC Open 2021"]
[Site "Catez"]
[Date "2021.11.15"]
[Round "4.55"]
[White "Blagojevic, Dragisa"]
[Black "Kourkoulos-Arditis, Stamatis"]
[Result "1/2-1/2"]
[WhiteElo "2467"]
[BlackElo "2524"]
[Annotator "ChessBase"]
[PlyCount "72"]
[EventDate "2021.11.08"]
[EventType "team-tourn"]
[EventCountry "SLO"]
[SourceTitle "playchess.com"]
[Source "ChessBase"]
[SourceQuality "1"]
[WhiteTeam "Montenegro"]
[BlackTeam "Greece"]
[WhiteTeamCountry "MNE"]
[BlackTeamCountry "GRE"]
[TimeControl "40/5400+30:1800+30"]

1. d4 Nf6 2. c4 g6 3. Nf3 Bg7 4. g3 O-O 5. Bg2 d6 6. Nc3 Nbd7 7. O-O e5 8. e4
exd4 9. Nxd4 Re8 10. h3 Nc5 11. Re1 Bd7 12. Bf4 h6 13. Kh2 a5 14. Qc2 Nfxe4 15.
Nxe4 Bxd4 16. Qd2 Bg7 17. Bxh6 Bxh6 18. Qxh6 Nxe4 19. Bxe4 Qf6 20. Qd2 Re5 21.
Bg2 Rae8 22. Rxe5 Qxe5 23. Rc1 b6 24. Rc3 Qe2 25. Rc2 Qxd2 26. Rxd2 Re1 27. g4
Kg7 28. Kg3 g5 29. f4 Re3+ 30. Kf2 gxf4 31. Rd4 Be6 32. Rxf4 Re5 33. Bf1 d5 34.
a3 c5 35. cxd5 Rxd5 36. Ke1 Rd6 1/2-1/2

[Event "23rd ETCC Open 2021"]
[Site "Catez"]
[Date "2021.11.15"]
[Round "4.56"]
[White "Kelires, Andreas"]
[Black "Potpara, Nikola"]
[Result "1-0"]
[WhiteElo "2535"]
[BlackElo "2374"]
[Annotator "ChessBase"]
[PlyCount "93"]
[EventDate "2021.11.08"]
[EventType "team-tourn"]
[EventCountry "SLO"]
[SourceTitle "playchess.com"]
[Source "ChessBase"]
[SourceQuality "1"]
[WhiteTeam "Greece"]
[BlackTeam "Montenegro"]
[WhiteTeamCountry "GRE"]
[BlackTeamCountry "MNE"]
[TimeControl "40/5400+30:1800+30"]

1. d4 Nf6 2. c4 e6 3. g3 d5 4. Bg2 Bb4+ 5. Nd2 O-O 6. Ngf3 b6 7. O-O Bb7 8. Ne5
Be7 9. b3 a5 10. Bb2 c5 11. dxc5 bxc5 12. Re1 Nbd7 13. Nxd7 Qxd7 14. cxd5 exd5
15. e4 d4 16. a4 Rfe8 17. Nc4 Ra6 18. Qd3 Bf8 19. f3 Qd8 20. Bc1 Nd5 21. Bd2
Nb4 22. Bxb4 cxb4 23. f4 Qa8 24. Ra2 Bc5 25. e5 Bxg2 26. Rxg2 g6 27. Rc2 Rc6
28. Kg2 Rcc8+ 29. Qf3 Qa6 30. Rd2 Red8 31. Re4 Ra8 32. f5 gxf5 33. Qxf5 Qe6 34.
Rg4+ Kh8 35. Qxe6 fxe6 36. Rf4 Rd5 37. Rd3 Kg7 38. Kf3 Ba7 39. Ke4 Rf8 40. Rdf3
Rxf4+ 41. gxf4 Rd7 42. Nxa5 Bb6 43. Nc4 Ba7 44. Nd6 Rd8 45. Rg3+ Kf8 46. Nb5
Bb6 47. Rd3 1-0

[Event "23rd ETCC Open 2021"]
[Site "Catez"]
[Date "2021.11.15"]
[Round "4.57"]
[White "Laurusas, Tomas"]
[Black "Bogner, Sebastian"]
[Result "1/2-1/2"]
[WhiteElo "2553"]
[BlackElo "2574"]
[Annotator "ChessBase"]
[PlyCount "109"]
[EventDate "2021.11.08"]
[EventType "team-tourn"]
[EventCountry "SLO"]
[SourceTitle "playchess.com"]
[Source "ChessBase"]
[SourceQuality "1"]
[WhiteTeam "Lithuania"]
[BlackTeam "Switzerland"]
[WhiteTeamCountry "LTU"]
[BlackTeamCountry "SUI"]
[TimeControl "40/5400+30:1800+30"]

1. d4 Nf6 2. c4 e6 3. Nf3 d5 4. Nc3 c5 5. cxd5 cxd4 6. Qa4+ Bd7 7. Qxd4 exd5 8.
Bg5 Nc6 9. Bxf6 Nxd4 10. Bxd8 Nxf3+ 11. gxf3 Rxd8 12. O-O-O Bc6 13. e3 d4 14.
exd4 Bb4 15. Bb5 Bxb5 16. Nxb5 Rc8+ 17. Kb1 a6 18. Nc3 Bxc3 19. Rc1 Kd7 20.
bxc3 Rhe8 21. Rhg1 g6 22. Rg4 Re2 23. Rc2 Rce8 24. Rf4 f5 25. Rh4 h5 26. a4 b5
27. axb5 axb5 28. d5 Rxc2 29. Kxc2 Re2+ 30. Kd3 Rxf2 31. Ke3 Rc2 32. Kd3 Rb2
33. Rh3 Rg2 34. Rh4 Rb2 35. Rh3 Kd6 36. Rg3 Rxh2 37. Rxg6+ Kxd5 38. Rb6 Ke5 39.
Ke3 Rb2 40. Rh6 Rb3 41. f4+ Kd5 42. Rxh5 b4 43. Rxf5+ Kc4 44. Rf8 Rxc3+ 45. Ke4
b3 46. Rb8 Rc2 47. f5 Re2+ 48. Kf4 b2 49. f6 Kc3 50. Kf5 Kc2 51. f7 b1=Q 52.
Rxb1 Kxb1 53. Kg6 Rf2 54. Kg7 Rxf7+ 55. Kxf7 1/2-1/2

[Event "23rd ETCC Open 2021"]
[Site "Catez"]
[Date "2021.11.15"]
[Round "4.58"]
[White "Pelletier, Yannick"]
[Black "Kazakouski, Valery"]
[Result "0-1"]
[WhiteElo "2564"]
[BlackElo "2490"]
[Annotator "ChessBase"]
[PlyCount "88"]
[EventDate "2021.11.08"]
[EventType "team-tourn"]
[EventCountry "SLO"]
[SourceTitle "playchess.com"]
[Source "ChessBase"]
[SourceQuality "1"]
[WhiteTeam "Switzerland"]
[BlackTeam "Lithuania"]
[WhiteTeamCountry "SUI"]
[BlackTeamCountry "LTU"]
[TimeControl "40/5400+30:1800+30"]

1. Nf3 Nf6 2. c4 e6 3. g3 d5 4. d4 dxc4 5. Bg2 Bd7 6. O-O Bc6 7. Qc2 b5 8. Nc3
Be7 9. Rd1 b4 10. Na4 Qd5 11. Nc5 Bxc5 12. dxc5 Qe4 13. Qd2 Qd5 14. Qe1 Qxc5
15. Be3 Qe7 16. Rac1 Na6 17. Rxc4 Bd5 18. Ne5 c5 19. Nd3 Nd7 20. Rg4 f6 21. a3
f5 22. Bg5 Nf6 23. Bxd5 exd5 24. Rf4 O-O 25. Rxf5 bxa3 26. bxa3 c4 27. Nf4 Nc7
28. Bxf6 Rxf6 29. Rxf6 Qxf6 30. Qa5 Qb6 31. Rxd5 Qb1+ 32. Kg2 Qb7 33. e4 Nxd5
34. Nxd5 Re8 35. f3 Rc8 36. Qc3 Kh8 37. h4 Qb3 38. Qe5 c3 39. h5 Qb8 40. Qf5
Rf8 41. Qg5 Qb2+ 42. Kh3 c2 43. h6 gxh6 44. Qe7 Qg7 0-1

[Event "23rd ETCC Open 2021"]
[Site "Catez"]
[Date "2021.11.15"]
[Round "4.59"]
[White "Klabis, Rokas"]
[Black "Georgiadis, Nico"]
[Result "1/2-1/2"]
[WhiteElo "2353"]
[BlackElo "2553"]
[Annotator "ChessBase"]
[PlyCount "106"]
[EventDate "2021.11.08"]
[EventType "team-tourn"]
[EventCountry "SLO"]
[SourceTitle "playchess.com"]
[Source "ChessBase"]
[SourceQuality "1"]
[WhiteTeam "Lithuania"]
[BlackTeam "Switzerland"]
[WhiteTeamCountry "LTU"]
[BlackTeamCountry "SUI"]
[TimeControl "40/5400+30:1800+30"]

1. e4 c5 2. Nf3 d6 3. d4 cxd4 4. Nxd4 Nf6 5. Nc3 Nc6 6. Bg5 e6 7. Qd2 a6 8.
O-O-O Bd7 9. f4 Be7 10. Be2 h6 11. Bxf6 Bxf6 12. Nf3 Be7 13. Rdf1 b5 14. Nd1
Qa5 15. Qxa5 Nxa5 16. g4 g5 17. f5 Nc6 18. Kb1 Bf6 19. h4 Ke7 20. Nf2 gxh4 21.
Nxh4 Ne5 22. Ng2 Bg5 23. Nh4 Bc6 24. Nf3 Nc4 25. Bxc4 bxc4 26. Rh3 Bf4 27. Nd4
Bb7 28. Ne2 Be5 29. Nc3 Rag8 30. Ncd1 h5 31. fxe6 fxe6 32. gxh5 Bf4 33. Nc3 Be5
34. Nfd1 Bd4 35. a4 Rg4 36. Re1 Rh6 37. Ne3 Bxe3 38. Rexe3 Rg5 39. Reg3 Rxg3
40. Rxg3 Kf6 41. Rh3 Ke5 42. Rh4 Bc6 43. b4 cxb3 44. cxb3 a5 45. Kc2 Be8 46.
Kd3 Bxh5 47. Ke3 Rh7 48. Nb1 Bg6 49. Rxh7 Bxh7 50. Nd2 d5 51. exd5 exd5 52.
Nf3+ Kd6 53. Kd4 Bc2 1/2-1/2

[Event "23rd ETCC Open 2021"]
[Site "Catez"]
[Date "2021.11.15"]
[Round "4.60"]
[White "Kurmann, Oliver"]
[Black "Brazdzionis, Andrius"]
[Result "1-0"]
[WhiteElo "2458"]
[BlackElo "2356"]
[Annotator "ChessBase"]
[PlyCount "91"]
[EventDate "2021.11.08"]
[EventType "team-tourn"]
[EventCountry "SLO"]
[SourceTitle "playchess.com"]
[Source "ChessBase"]
[SourceQuality "1"]
[WhiteTeam "Switzerland"]
[BlackTeam "Lithuania"]
[WhiteTeamCountry "SUI"]
[BlackTeamCountry "LTU"]
[TimeControl "40/5400+30:1800+30"]

1. e4 c5 2. Nf3 d6 3. d4 cxd4 4. Nxd4 Nf6 5. Nc3 e6 6. g4 h6 7. Rg1 Nc6 8. Be3
Be7 9. Qe2 Nxd4 10. Bxd4 e5 11. Be3 a6 12. h4 Qa5 13. Bd2 Qc5 14. g5 hxg5 15.
hxg5 Nh5 16. g6 Be6 17. gxf7+ Bxf7 18. O-O-O Rc8 19. Kb1 Nf4 20. Qg4 Bf6 21.
Be3 Qc6 22. Rd2 Be6 23. Qd1 Ke7 24. Be2 Nxe2 25. Qxe2 Qc4 26. Qd1 b5 27. f3 b4
28. Nd5+ Bxd5 29. Rxd5 Rh2 30. Rd2 Rxd2 31. Qxd2 a5 32. Rd1 Qc6 33. Rc1 Qc4 34.
Rd1 Qc6 35. Rc1 Qc4 36. c3 b3 37. Rd1 bxa2+ 38. Ka1 Rc6 39. Qd5 Qe2 40. Rd3
Qxf3 41. c4 Qe2 42. Kxa2 Kd7 43. c5 Qc2 44. Rb3 Bd8 45. Qf7+ Be7 46. Bg5 1-0

[Event "23rd ETCC Open 2021"]
[Site "Catez"]
[Date "2021.11.15"]
[Round "4.61"]
[White "Agopov, Mikael"]
[Black "Saraci, Nderim"]
[Result "1/2-1/2"]
[WhiteElo "2430"]
[BlackElo "2486"]
[Annotator "TA"]
[PlyCount "164"]
[EventDate "2021.11.08"]
[EventType "team-tourn"]
[EventCountry "SLO"]
[SourceTitle "playchess.com"]
[Source "ChessBase"]
[SourceQuality "1"]
[WhiteTeam "Finland"]
[BlackTeam "Kosovo"]
[WhiteTeamCountry "FIN"]
[BlackTeamCountry "KOS"]

{[%evp 13,164,30,45,19,18,0,12,15,13,-6,0,0,0,-2,-1,-13,-2,-13,-8,-26,-46,-40,
4,0,0,-38,16,12,14,3,0,-13,-16,-30,0,-16,-11,0,0,-25,0,0,0,0,0,0,0,0,0,0,33,36,
43,30,30,30,30,15,16,15,53,53,53,53,53,16,53,39,96,66,40,40,72,39,39,8,8,22,
102,91,93,94,89,73,66,67,75,0,0,0,0,0,0,0,0,0,0,0,0,0,0,0,0,0,0,0,0,0,0,0,0,0,
0,0,0,0,0,0,0,0,8,8,8,8,8,8,8,8,8,0,8,8,8,8,8,8,8,0,0,0,0,0,0,0,0,0,0,0,0,0,0,
0,0]} 1. e4 e5 2. Nf3 Nc6 3. Bb5 a6 4. Ba4 d6 5. c3 Bd7 6. d4 g6 7. Bg5 Be7 8.
h4 {C76: Ruy Lopez: Deferred Steinitz: 5 c3 Bd7 6 d4 g6.} Nf6 {[#]} 9. Qe2 $146
({Predecessor:} 9. Nbd2 h6 10. Bxf6 Bxf6 11. d5 Ne7 12. Bxd7+ Qxd7 13. h5 Bg7
14. Qe2 g5 15. Nh2 f5 {1/2-1/2 (27) Ernst,T (2455)-Balashov,Y (2550) Malmo 1987
}) 9... O-O 10. d5 Nb8 11. Bxd7 Nbxd7 12. Bh6 Re8 13. c4 c6 14. Nc3 cxd5 15.
cxd5 Rc8 16. O-O Ng4 17. Bg5 h6 18. Bxe7 Qxe7 19. Rac1 Rc7 ({Better is} 19...
f5 $15) 20. g3 $11 Ngf6 21. Nd2 Rec8 22. Qe3 Kg7 23. Ne2 Ng4 24. Qf3 h5 25.
Rxc7 Rxc7 26. Rc1 (26. Nc3 {seems wilder.} b5 27. Qe2 Qd8 28. Kg2 Nb6 29. f3)
26... Nb6 (26... Nc5 {with more complications.} 27. b3 Qd8 28. Nc3 Nd7 29. Kg2
b5) 27. Qb3 Rxc1+ 28. Nxc1 Qc7 29. Nd3 Nf6 30. Kg2 Nbd7 31. f3 Qa5 32. Nc4 {
[%mdl 64] [#] Double Attack} Qc7 33. Qb4 b5 34. Ne3 Qb6 35. Kf2 (35. Nc2 {
seems wilder.} Nc5 36. Nf2 a5 37. Qd2 Nfd7 38. b3) 35... Nc5 36. Nxc5 dxc5 37.
Qc3 Nd7 38. b3 Kg8 39. Kg2 Qc7 40. Nc2 Nf6 ({Black should try} 40... Qb6 $14)
41. Ne1 Nd7 42. Nd3 Qd6 43. Kf2 f5 44. Kg2 fxe4 45. fxe4 Kg7 (45... Qc7 $11 {
keeps the balance.}) 46. Nf4 $16 Nf8 47. Nh3 Nh7 48. a4 Qc7 49. axb5 axb5 50.
Nf4 (50. Kf2 $16) 50... Nf8 $11 {The position is equal.} 51. Qa1 c4 52. bxc4
bxc4 53. Ne2 Nd7 54. Nc3 Qb6 55. Qa3 Kf7 56. Qa4 Qb2+ 57. Kh3 Nf6 58. Qxc4 (58.
Qa5 {keeps more tension.} Ng4 59. Qc7+ Kg8 60. Qd8+ Kh7 61. Qe7+) 58... Ng4 {
[%csl Gg4][%cal Rb2h2]} 59. Ne2 {d6+ is the strong threat.} (59. Qc7+ {is
interesting.} Kg8 60. Qd8+ Kg7 61. Qe7+ Kg8 62. Qe8+) 59... Qb1 {[%cal Rb1h1]}
60. Qc7+ (60. d6+ {is more complex.} Kg7 61. Nc1 Qb2 62. Ne2 Qb1) 60... Kg8 {
[%cal Rb1h1]} 61. Qc8+ Kg7 {[%cal Rb1h1]} (61... Kh7 $5 62. Qc7+ $8 Kh8 $11)
62. Qc7+ Kh6 {[%cal Rb1h1]} 63. Qc1+ Qxc1 64. Nxc1 {[%mdl 4096] Endgame KN-KN}
Nf2+ 65. Kg2 Nxe4 66. Nd3 Kg7 67. Nxe5 {Threatening Kf3.} Kf6 68. Nd3 Kf5 69.
Kf3 g5 70. hxg5 Nxg5+ 71. Ke3 Nf7 72. Kd4 Nd6 73. Nf2 (73. Kc5 {looks sharper.}
Nf7 74. Nf2 Ne5 75. Kd6 Nc4+ 76. Kc6) 73... Nf7 74. Kc5 Ke5 75. Nh3 Kf5 76. Kc6
(76. d6 {looks sharper.} Kg4 77. Ng1 Kxg3 78. Kd5 Kf2 79. Nh3+) 76... Kg4 {
[%mdl 64] [#] Double Attack} 77. Nf4 h4 78. gxh4 {Strongly threatening Ng2.}
Kxf4 79. d6 Nxd6 80. Kxd6 Kg4 81. h5 {Intending h6 and mate.} Kg5 82. Ke7 (82.
h6 $5 Kxh6 $11) 82... Kxh5 {Weighted Error Value: White=0.09/Black=0.11}
1/2-1/2

[Event "23rd ETCC Open 2021"]
[Site "Catez"]
[Date "2021.11.15"]
[Round "4.62"]
[White "Uruci, Endrit"]
[Black "Nyysti, Sampsa"]
[Result "0-1"]
[WhiteElo "2322"]
[BlackElo "2325"]
[Annotator "NA"]
[PlyCount "80"]
[EventDate "2021.11.08"]
[EventType "team-tourn"]
[EventCountry "SLO"]
[SourceTitle "playchess.com"]
[Source "ChessBase"]
[SourceQuality "1"]
[WhiteTeam "Kosovo"]
[BlackTeam "Finland"]
[WhiteTeamCountry "KOS"]
[BlackTeamCountry "FIN"]
[TimeControl "40/5400+30:1800+30"]

1. d4 Nf6 2. Bg5 Ne4 3. Bf4 c5 4. f3 Qa5+ 5. c3 Nf6 6. Nd2 cxd4 7. Nb3 Qd8 8.
cxd4 d5 9. e3 e6 10. Rc1 Bb4+ 11. Kf2 O-O 12. a3 Be7 13. g4 Nc6 14. Bd3 Nd7 15.
Ne2 e5 16. dxe5 Ndxe5 17. Nbd4 Nxd3+ 18. Qxd3 Qb6 19. Nb5 Be6 20. Bc7 Qa6 21.
Nf4 Rac8 22. Nxd5 Bxd5 23. Qxd5 Rxc7 24. Nxc7 Qb6 25. Nb5 Rd8 26. Qb3 Na5 27.
Qa4 Rd2+ 28. Kg3 Qxe3 29. Rc8+ Bd8 30. Qe4 Qf2+ 31. Kf4 g5+ 32. Kf5 Qb6 33. Nd6
Rxd6 34. Qe8+ Kg7 35. Qe5+ f6 36. Qc5 Nc6 37. Qxb6 Bxb6 38. Re8 Kf7 39. Rh8
Rd5+ 40. Ke4 Rd4+ 0-1

[Event "23rd ETCC Open 2021"]
[Site "Catez"]
[Date "2021.11.15"]
[Round "4.63"]
[White "Ronka, Erik"]
[Black "Fejzullahu, Afrim"]
[Result "1-0"]
[WhiteElo "2321"]
[BlackElo "2250"]
[Annotator "ChessBase"]
[PlyCount "105"]
[EventDate "2021.11.08"]
[EventType "team-tourn"]
[EventCountry "SLO"]
[SourceTitle "playchess.com"]
[Source "ChessBase"]
[SourceQuality "1"]
[WhiteTeam "Finland"]
[BlackTeam "Kosovo"]
[WhiteTeamCountry "FIN"]
[BlackTeamCountry "KOS"]
[TimeControl "40/5400+30:1800+30"]

1. e4 e5 2. Nf3 Nc6 3. Bb5 a6 4. Ba4 Nf6 5. O-O b5 6. Bb3 Be7 7. Re1 O-O 8. a4
b4 9. d4 d6 10. dxe5 dxe5 11. Nbd2 Bc5 12. Qe2 Bg4 13. c3 Na5 14. Bc2 Qe7 15.
h3 Bh5 16. g4 Bg6 17. Nf1 Rfd8 18. Nh4 b3 19. Bb1 Nd7 20. Nf5 Qe6 21. N1e3 Bxf5
22. exf5 Qc6 23. g5 Bxe3 24. Bxe3 Nc4 25. Bd3 Nd6 26. Qg4 e4 27. Be2 Ne5 28.
Qf4 Re8 29. Bd4 f6 30. gxf6 gxf6 31. Kh2 Kh8 32. Bh5 Re7 33. Qh4 Nxf5 34. Qxe4
Qxe4 35. Rxe4 Nxd4 36. cxd4 Nc6 37. Rf4 Rd8 38. Rxf6 Nxd4 39. Rxa6 c5 40. Rc1
Re5 41. Bg4 Rf8 42. Kg2 Nc2 43. Rc6 Ne1+ 44. Kg3 Nc2 45. a5 h5 46. Rh6+ Kg7 47.
Rxh5 Rxh5 48. Bxh5 c4 49. Bd1 Nb4 50. Rxc4 Nd3 51. Bxb3 Nxb2 52. Rc7+ Kg6 53.
a6 1-0